[Event "WYCC U18 Girls 2013"]
[Site "Al-Ain UAE"]
[Date "2013.12.21"]
[Round "4.28"]
[White "Foster, Chantelle L"]
[Black "Abeer, Ali"]
[Result "1-0"]
[WhiteElo "1901"]
[BlackElo "1655"]
[WhiteFideId "408476"]
[BlackFideId "9302930"]
[EventDate "2013.12.18"]

1. e4 c6 2. d4 g6 3. Nc3 Bg7 4. Be3 d5 5. Qd2 dxe4 6. Nxe4 Bf5 7. f3 Bxe4 8.
fxe4 e6 9. Nf3 Nf6 10. Bd3 O-O 11. O-O-O a5 12. h3 b5 13. g4 Na6 14. Ne5 Qc7 15.
Bf4 Qb7 16. h4 Nd7 17. h5 Nxe5 18. dxe5 Rfd8 19. hxg6 fxg6 20. Bg5 Rd7 21. Qh2
Bh8 22. Bf6 Nb4 23. Kb1 Nxd3 24. Rxd3 Rxd3 25. cxd3 Qd7 26. Qh3 b4 27. g5 a4 28.
d4 Ra7 29. Rd1 Qf7 30. d5 cxd5 31. exd5 Ra6 32. dxe6 Rxe6 33. Rd8+ Re8 34. Qc8
Kf8 35. Rxe8+ Qxe8 36. Qxe8+ Kxe8 37. Bxh8 1-0

[Event "WYCC U18 Girls 2013"]
[Site "Al-Ain UAE"]
[Date "2013.12.21"]
[Round "4.29"]
[White "Abdelmenaem, Sohayla"]
[Black "Xiao, Alice Huanyi"]
[Result "0-1"]
[WhiteTitle "WFM"]
[WhiteElo "1734"]
[BlackElo "1874"]
[WhiteFideId "10610529"]
[BlackFideId "2612550"]
[EventDate "2013.12.18"]

1. d4 d5 2. c4 e6 3. Nc3 Nf6 4. Nf3 Be7 5. Bg5 O-O 6. Qc2 h6 7. Bh4 b6 8. cxd5
Nxd5 9. Bxe7 Qxe7 10. Nxd5 exd5 11. Rc1 c6 12. e3 Be6 13. Bd3 Rc8 14. O-O Nd7
15. Ba6 Rc7 16. Qa4 c5 17. Qa3 Bg4 18. Nd2 Qg5 19. f4 Qe7 20. Rfe1 Nf6 21. dxc5
bxc5 22. Bd3 Qd6 23. Nb3 Nd7 24. e4 Qb6 25. Kh1 c4 26. exd5 cxd3 27. Rxc7 Qxc7
28. d6 Qb6 29. Qa4 Qxd6 30. Nd2 Be2 31. Qe4 Rc8 32. Qe3 Qc5 33. Qxc5 Rxc5 0-1

[Event "WYCC U18 Girls 2013"]
[Site "Al-Ain UAE"]
[Date "2013.12.21"]
[Round "4.30"]
[White "Machlik, Edit"]
[Black "Voges, Rachelle Mari"]
[Result "1-0"]
[BlackTitle "WCM"]
[WhiteElo "1855"]
[BlackElo "1634"]
[WhiteFideId "1513591"]
[BlackFideId "14308908"]
[EventDate "2013.12.18"]

1. d4 Nf6 2. c4 g6 3. Nc3 Bg7 4. e4 d6 5. f4 O-O 6. Nf3 c5 7. d5 Ne8 8. Bd3 f5
9. e5 e6 10. O-O Nc7 11. Re1 Kh8 12. Bf1 Re8 13. Ng5 Kg8 14. dxe6 Nxe6 15. Nxe6
Rxe6 16. Nb5 Bf8 17. Qd5 Kh8 18. Bd2 a6 19. Nxd6 Bxd6 20. exd6 Qe8 21. Bc3+ Kg8
22. Qxc5 Nc6 23. Qd5 Kf8 24. c5 Bd7 25. Bc4 Nd8 26. Qd4 1-0

[Event "WYCC U18 Girls 2013"]
[Site "Al-Ain UAE"]
[Date "2013.12.21"]
[Round "4.32"]
[White "Ruiz Olate, Emily Andrea"]
[Black "Van Niekerk, Robyn Julian"]
[Result "0-1"]
[WhiteElo "1851"]
[BlackElo "1459"]
[WhiteFideId "3413535"]
[BlackFideId "14305020"]
[EventDate "2013.12.18"]

1. e4 c5 2. Nc3 e6 3. f4 Nc6 4. Nf3 a6 5. d3 d5 6. g3 b5 7. Bg2 Bb7 8. O-O Nf6
9. Qe2 Be7 10. e5 Nd7 11. f5 O-O 12. f6 gxf6 13. Bh6 Re8 14. exf6 Bxf6 15. Rae1
Bg7 16. Bxg7 Kxg7 17. Nh4 Nf6 18. Qe3 Ng4 19. Qf4 Nh6 20. Nd1 f6 21. Ne3 Ne5 22.
d4 cxd4 23. Qxd4 Rc8 24. Rf4 Nc4 25. Nxc4 Rxc4 26. Qf2 Rxf4 27. Qxf4 e5 28. Nf5+
Nxf5 29. Qxf5 e4 30. Qg4+ Kh8 31. c3 Qd6 32. Qh5 Qe5 33. Qf7 Qe7 34. Qh5 Rf8 35.
Qf5 Qc5+ 36. Kh1 Bc8 37. Qf4 b4 38. cxb4 Qxb4 39. Rd1 Bb7 40. b3 Qe7 41. Qe3 Rc8
42. Qf4 e3 43. Re1 Re8 44. Re2 Bc6 45. a4 Qe5 46. Qb4 Bd7 47. Bf3 d4 48. Qc4 Be6
49. Qxa6 Bxb3 50. Bg2 Rd8 51. Qd3 Bxa4 0-1

[Event "WYCC U18 Girls 2013"]
[Site "Al-Ain UAE"]
[Date "2013.12.21"]
[Round "4.33"]
[White "Yousfi, Yasmine"]
[Black "Nouman, Amna"]
[Result "0-1"]
[BlackTitle "WFM"]
[WhiteElo "1649"]
[BlackElo "1833"]
[WhiteFideId "7904134"]
[BlackFideId "9301500"]
[EventDate "2013.12.18"]

1. c4 c5 2. Nf3 Nc6 3. g3 g6 4. Bg2 Bg7 5. O-O d6 6. Nc3 e5 7. d3 Nge7 8. a3 O-O
9. Rb1 a5 10. Ne1 Be6 11. Nc2 d5 12. b3 Rb8 13. Bg5 f6 14. Bd2 h6 15. cxd5 Nxd5
16. Ne3 Nxc3 17. Bxc3 Nd4 18. b4 axb4 19. axb4 b6 20. bxc5 bxc5 21. Qd2 Rf7 22.
Nc4 Ra7 23. e3 Nb5 24. Ba5 Qe8 25. Bb6 Ra6 26. Bxc5 Qd8 27. Bb4 f5 28. Na5 Bd5
29. Bxd5+ Qxd5 30. Rfc1 Rd8 31. Rc5 Qd7 32. Qa2+ Kh7 33. Qc4 Rb6 34. Rd5 Qxd5 0-1

[Event "WYCC U18 Girls 2013"]
[Site "Al-Ain UAE"]
[Date "2013.12.21"]
[Round "4.36"]
[White "De Silva, Shelani"]
[Black "Durmaz, Ayca Fatma"]
[Result "0-1"]
[BlackTitle "WCM"]
[WhiteElo "1633"]
[BlackElo "1799"]
[WhiteFideId "9909745"]
[BlackFideId "6317855"]
[EventDate "2013.12.18"]

1. e4 c5 2. Nf3 Nc6 3. d4 cxd4 4. Nxd4 Nf6 5. Nc3 e6 6. Ndb5 Bb4 7. a3 Bxc3+ 8.
Nxc3 d5 9. exd5 exd5 10. Bd3 d4 11. Ne2 O-O 12. O-O Qd5 13. Nf4 Qd6 14. Nh5 Nxh5
15. Qxh5 h6 16. Bd2 Bd7 17. Rad1 Qf6 18. f4 Ne7 19. Kh1 Nf5 20. c3 Ne3 21. Bxe3
dxe3 22. Bh7+ Kxh7 23. Rxd7 Rae8 24. Qe2 Re7 25. Rd3 Rfe8 26. Rf3 Qa6 27. h3 Re4
28. Kh2 Qc4 29. Kg1 f5 30. Kf1 Rxf4 31. Rxe3 Rxe3 32. Qxc4 Rexf3+ 33. gxf3 Rxc4 0-1

[Event "WYCC U18 Girls 2013"]
[Site "Al-Ain UAE"]
[Date "2013.12.21"]
[Round "4.39"]
[White "Al Dhaffari, Salma"]
[Black "Bauer, Valentina"]
[Result "1/2-1/2"]
[WhiteElo "1625"]
[BlackElo "1787"]
[WhiteFideId "9305335"]
[BlackFideId "1616935"]
[EventDate "2013.12.18"]

1. d4 d5 2. c4 e6 3. Nc3 Nf6 4. cxd5 exd5 5. Bg5 Be7 6. e3 O-O 7. Qc2 c6 8. h3
Be6 9. Bd3 h6 10. Bh4 Nbd7 11. Nf3 Rc8 12. O-O Qc7 13. Rab1 c5 14. Rfc1 c4 15.
Be2 a6 16. a4 Rb8 17. Ne5 Nxe5 18. dxe5 Ne8 19. Bxe7 Qxe7 20. Bf3 Nc7 21. Rd1
Rfd8 22. Rd4 Qg5 23. Rbd1 Qxe5 24. Qd2 b5 25. Nxd5 Nxd5 26. Bxd5 Bxd5 27. e4 Rd6
28. f4 Qe7 29. Rxd5 Rxd5 30. exd5 Qd6 31. Qd4 Qb6 32. axb5 Qxd4+ 33. Rxd4 axb5
34. d6 Rd8 35. Rd5 b4 36. Rc5 c3 37. bxc3 bxc3 38. Rxc3 Rxd6 39. Kf2 g6 1/2-1/2

[Event "WYCC U18 Girls 2013"]
[Site "Al-Ain UAE"]
[Date "2013.12.21"]
[Round "4.40"]
[White "El, Kader Maria"]
[Black "Lalaoui, Feriel"]
[Result "1-0"]
[BlackTitle "WCM"]
[WhiteElo "1619"]
[BlackElo "1754"]
[WhiteFideId "14137380"]
[BlackFideId "7900481"]
[EventDate "2013.12.18"]

1. e4 e5 2. Nf3 Nc6 3. Bb5 a6 4. Ba4 Nf6 5. Bxc6 dxc6 6. d3 Bc5 7. Nxe5 Bxf2+ 8.
Kxf2 Qd4+ 9. Be3 Qxe5 10. h3 Qxb2 11. Nd2 Qb4 12. Rf1 h5 13. Kg1 h4 14. Rb1 Qe7
15. Nf3 Nh5 16. Re1 f6 17. e5 fxe5 18. Bg5 Qd6 19. Rxe5+ Kf7 20. Be7 Qg6 21.
Ng5+ Kg8 22. c3 Nf4 23. Qb3+ Be6 24. Rxe6 Nxe6 25. Re1 1-0

[Event "WYCC U18 Girls 2013"]
[Site "Al-Ain UAE"]
[Date "2013.12.21"]
[Round "4.43"]
[White "Amra, Tasnim"]
[Black "Kulatunga, Dinithi"]
[Result "1-0"]
[WhiteTitle "WFM"]
[WhiteElo "1570"]
[BlackElo "1503"]
[WhiteFideId "14300222"]
[BlackFideId "9913440"]
[EventDate "2013.12.18"]

1. e4 e5 2. Nf3 Nc6 3. Bc4 Nf6 4. d3 Bc5 5. O-O h6 6. c3 d6 7. b4 Bb6 8. Nbd2
O-O 9. Bb3 Bg4 10. Nc4 Nd7 11. h3 Bh5 12. a4 a5 13. Nxb6 Nxb6 14. b5 Ne7 15. g4
Bg6 16. Nh4 Bh7 17. g5 hxg5 18. Bxg5 Qd7 19. Qf3 Nbc8 20. Qg3 Ng6 21. Nf5 Nce7
22. Bxe7 Rfe8 23. Bg5 c6 24. bxc6 bxc6 25. h4 d5 26. h5 Nh8 27. Bf6 g6 28. Nh6+
Kf8 29. Bxh8 Qe6 30. f4 exf4 31. Rxf4 Ra7 32. Raf1 Ree7 33. Bd4 Rab7 34. Bc5
Rxb3 35. Rxf7+ Ke8 36. Rxe7+ Qxe7 37. Bxe7 Kxe7 38. Qe5+ 1-0

[Event "WYCC U18 Girls 2013"]
[Site "Al-Ain UAE"]
[Date "2013.12.21"]
[Round "4.44"]
[White "Orlina, Laura"]
[Black "Comas Colon, Rinelly M."]
[Result "1-0"]
[BlackTitle "WFM"]
[WhiteElo "1694"]
[BlackElo "1790"]
[WhiteFideId "11601655"]
[BlackFideId "3101576"]
[EventDate "2013.12.18"]

1. e4 g6 2. d4 Bg7 3. Nc3 d6 4. Be3 Nf6 5. f3 c6 6. Qd2 h6 7. O-O-O b5 8. Kb1 a5
9. Nh3 Ba6 10. e5 dxe5 11. dxe5 Qxd2 12. Rxd2 Nfd7 13. e6 fxe6 14. Bd3 Ne5 15.
Be4 O-O 16. Bc5 Bf6 17. Rhd1 b4 18. Na4 Bb5 19. b3 Bxa4 20. bxa4 Na6 21. Bd4 Kf7
22. Bxe5 Bxe5 23. Bxc6 Rab8 24. g3 Nc5 25. Nf2 Rbc8 26. Bb5 Bc7 27. Re2 Rcd8 28.
Rde1 Kf6 29. f4 Rd4 30. Nd3 Bd6 31. Nxc5 Bxc5 32. Rxe6+ Kf7 33. Bd3 Rg8 34. Ra6
b3 35. axb3 Bb4 36. Ree6 Rd6 37. Raxd6 Bxd6 38. Rxd6 exd6 39. Bc4+ Kg7 40. Bxg8
Kxg8 41. c3 1-0

[Event "WYCC U18 Girls 2013"]
[Site "Al-Ain UAE"]
[Date "2013.12.21"]
[Round "5.1"]
[White "Castrillon Gomez, Melissa"]
[Black "Ziaziulkina, Nastassia"]
[Result "0-1"]
[WhiteTitle "WIM"]
[BlackTitle "WGM"]
[WhiteElo "2155"]
[BlackElo "2354"]
[WhiteFideId "4402413"]
[BlackFideId "13505211"]
[EventDate "2013.12.18"]

1. e4 c5 2. Nf3 d6 3. d4 cxd4 4. Nxd4 Nf6 5. Nc3 a6 6. Be2 e6 7. O-O Be7 8. f4
O-O 9. Be3 Qc7 10. g4 d5 11. e5 Nfd7 12. Bd3 Nc6 13. Qf3 Nc5 14. Nxc6 bxc6 15.
Bxc5 Bxc5+ 16. Kh1 Rb8 17. g5 g6 18. Nd1 a5 19. b3 a4 20. Qh3 Qa5 21. Rb1 Ba6
22. Bxa6 Qxa6 23. Ne3 Bxe3 24. Qxe3 Rb4 25. Rbe1 Re4 26. Qc5 Rb8 27. Qd6 Ra8 28.
Rb1 axb3 29. axb3 Re2 30. Qc5 Qa5 31. Qd4 Rd2 32. b4 Rxd4 33. bxa5 Rxa5 34. Rb8+
Kg7 35. Rf2 Raa4 36. Rc8 Rxf4 0-1

[Event "WYCC U18 Girls 2013"]
[Site "Al-Ain UAE"]
[Date "2013.12.21"]
[Round "5.2"]
[White "Saduakassova, Dinara"]
[Black "Tomnikova, Lidia"]
[Result "1-0"]
[WhiteTitle "WGM"]
[BlackTitle "WFM"]
[WhiteElo "2357"]
[BlackElo "2167"]
[WhiteFideId "13700090"]
[BlackFideId "4113110"]
[EventDate "2013.12.18"]

1. e4 e5 2. Nf3 Nc6 3. Bb5 a6 4. Ba4 Nf6 5. O-O Be7 6. d3 b5 7. Bb3 d6 8. a4 b4
9. Nbd2 O-O 10. Nc4 Rb8 11. h3 Be6 12. Be3 Qc8 13. a5 Qb7 14. Qe2 Nd7 15. Rfd1
Bf6 16. Ba4 Nd4 17. Bxd4 exd4 18. e5 dxe5 19. Ncxe5 Nxe5 20. Nxe5 Bxe5 21. Qxe5
Rfd8 22. Re1 Rd5 23. Qe4 Rxa5 24. Bc6 Qb6 25. Rxa5 Qxa5 26. Qxd4 h6 27. Re5 Qa1+
28. Kh2 Qc1 29. Rc5 b3 30. cxb3 Qd2 31. Be4 Bxb3 32. Qe5 Be6 33. Rxc7 Qxf2 34.
Rxf7 Kxf7 35. Qxb8 a5 36. Qc7+ Kf6 37. Qc3+ Kf7 38. Qe5 Qf6 39. Qc7+ Kf8 40.
Qd6+ Kf7 41. d4 a4 42. Bf3 g5 43. Kg3 Qf5 44. Kh2 Qf6 45. Bc6 Qf2 46. Qc7+ Kf6
47. Qd8+ Kg7 48. Qe7+ Bf7 49. Qe5+ Kf8 50. d5 g4 51. d6 gxh3 52. d7 Qd2 53. Qf6 1-0

[Event "WYCC U18 Girls 2013"]
[Site "Al-Ain UAE"]
[Date "2013.12.21"]
[Round "5.5"]
[White "Klek, Hanna-Marie"]
[Black "Bezkorovaina, Mariia"]
[Result "1/2-1/2"]
[WhiteElo "2297"]
[BlackElo "2081"]
[WhiteFideId "24670057"]
[BlackFideId "14116324"]
[EventDate "2013.12.18"]

1. e4 g6 2. d4 Bg7 3. Nc3 c6 4. Nf3 d5 5. h3 Nh6 6. Bd3 O-O 7. Bf4 f6 8. Qe2 Nf7
9. Bg3 Na6 10. Bxa6 bxa6 11. O-O e6 12. Rfe1 Nd6 13. b3 Nxe4 14. Nxe4 dxe4 15.
Qxe4 Qd5 16. Qe3 Rd8 17. c4 Qa5 18. Qe4 Bd7 19. c5 Qb4 20. Rac1 Qa5 21. Re2 Bf8
22. Bh4 Bg7 23. Ne1 Re8 24. Qf3 e5 25. d5 e4 26. Rxe4 Rxe4 27. Qxe4 Re8 28. Qb1
Bf5 29. Qa1 Bh6 30. Rd1 Qxc5 31. dxc6 Qxc6 32. Bxf6 Qe6 33. Nf3 Rf8 34. Rd8 Rxd8
35. Bxd8 Bg7 36. Qd1 h6 37. Bc7 Kh7 38. Bb8 Qe7 39. Bg3 Be4 40. Kh2 Qb7 41. Nd2
Qd5 42. Qe2 Bf5 43. Nc4 Qe4 44. Qd2 Be6 45. Nd6 Qd5 46. Qf4 a5 47. h4 g5 48.
hxg5 Qxg5 49. Qe4+ Qg6 50. Qxg6+ Kxg6 51. Nc4 a4 52. Bb8 axb3 53. axb3 Bd4 54.
Kg3 h5 55. f3 Kg5 56. Bf4+ Kg6 57. Bb8 Kg5 58. Bf4+ 1/2-1/2

[Event "WYCC U18 Girls 2013"]
[Site "Al-Ain UAE"]
[Date "2013.12.21"]
[Round "5.6"]
[White "Marikova, Jana"]
[Black "Rodriguez Rueda, Paula Andrea"]
[Result "1/2-1/2"]
[BlackTitle "WIM"]
[WhiteElo "2062"]
[BlackElo "2257"]
[WhiteFideId "334138"]
[BlackFideId "4404564"]
[EventDate "2013.12.18"]

1. d4 Nf6 2. c4 e6 3. Nf3 b6 4. Bf4 Bb7 5. e3 d5 6. Nc3 a6 7. cxd5 exd5 8. Bd3
Bd6 9. Be5 O-O 10. O-O Nbd7 11. Bxd6 cxd6 12. Qb3 Rc8 13. a4 g6 14. Na2 Qe7 15.
Nb4 a5 16. Nc2 Ne4 17. Na3 Rfd8 18. Nb5 Ba8 19. Rfc1 Nb8 20. Nc3 Nxc3 21. Rxc3
Rxc3 22. Qxc3 Bb7 23. Rc1 Nc6 24. Bb5 Rc8 25. Qb3 Nb4 26. Rc3 Qd8 27. Ne1 Kg7
28. h3 Rc7 29. Nc2 Nxc2 30. Qxc2 Rxc3 31. Qxc3 Qc8 32. Qxc8 Bxc8 33. Bc6 Be6 34.
Kf1 Kf8 35. Ke2 Ke7 36. f3 f5 37. Kd3 Kf6 38. h4 h6 39. g3 g5 40. hxg5+ Kxg5 41.
Be8 1/2-1/2

[Event "WYCC U18 Girls 2013"]
[Site "Al-Ain UAE"]
[Date "2013.12.21"]
[Round "5.7"]
[White "Nevioselaya, Maria"]
[Black "Baraeva, Irina"]
[Result "1-0"]
[BlackTitle "WIM"]
[WhiteElo "2088"]
[BlackElo "2211"]
[WhiteFideId "13502280"]
[BlackFideId "24142565"]
[EventDate "2013.12.18"]

1. e4 e6 2. d4 d5 3. Nc3 Nf6 4. e5 Nfd7 5. Nf3 c5 6. dxc5 Nc6 7. Bf4 Be7 8. Bd3
g5 9. Bg3 h5 10. h3 Nxc5 11. Be2 Qb6 12. O-O Bd7 13. Qd2 Ne4 14. Nxe4 dxe4 15.
Ne1 Qxb2 16. Rd1 O-O-O 17. Qe3 Qxa2 18. Qxe4 h4 19. Bh2 Nb4 20. Bc4 Qa4 21. Bb3
Bc6 22. Rxd8+ Bxd8 23. Qe3 Qa5 24. Nf3 Rg8 25. Nd4 g4 26. Nxc6 Nxc6 27. hxg4
Rxg4 28. Qf3 Rg7 29. Rd1 Nd4 30. Qd3 Bb6 31. c3 Qxc3 32. Qxc3+ Kb8 33. Rxd4 1-0

[Event "WYCC U18 Girls 2013"]
[Site "Al-Ain UAE"]
[Date "2013.12.21"]
[Round "5.8"]
[White "Saranya, J"]
[Black "Xiao, Yiyi"]
[Result "1/2-1/2"]
[WhiteTitle "WFM"]
[BlackTitle "WFM"]
[WhiteElo "2057"]
[BlackElo "2163"]
[WhiteFideId "5031931"]
[BlackFideId "8606161"]
[EventDate "2013.12.18"]

1. e4 c5 2. Nf3 e6 3. d4 cxd4 4. Nxd4 Nc6 5. c4 Nf6 6. Nc3 Bb4 7. Nxc6 bxc6 8.
Bd3 e5 9. O-O Bc5 10. Rb1 Rb8 11. Kh1 O-O 12. Bg5 h6 13. Bxf6 Qxf6 14. Ne2 d6
15. Ng3 Bd4 16. b4 Re8 17. Qd2 Be6 18. a4 d5 19. cxd5 cxd5 20. f3 Rec8 21. Rfc1
dxe4 22. Nxe4 Qe7 23. Rxc8+ Rxc8 24. g4 Bd5 25. Kg2 Qd7 26. Rc1 Rd8 27. b5 Bb6
28. Qc2 Bb7 29. Be2 Qe7 30. Bd3 Qa3 31. Rd1 Rc8 32. Bc4 Bd4 33. Qb3 Qxb3 34.
Bxb3 Kf8 35. a5 Ke7 36. Rd2 Bxe4 37. fxe4 Rc5 38. Ba4 Rc4 39. Ra2 Rb4 40. Kf3
Kf6 41. h4 g6 42. Ke2 Bc5 43. Kf3 Ke6 44. Ra1 f5 45. gxf5+ gxf5 46. exf5+ Kxf5
47. b6 e4+ 48. Kg3 Bd6+ 49. Kh3 a6 50. Bd7+ Ke5 51. Bc8 h5 52. Bxa6 Rb2 53. Re1
Bb4 54. Ra1 Bd6 55. Re1 Bb4 56. Rc1 1/2-1/2

[Event "WYCC U18 Girls 2013"]
[Site "Al-Ain UAE"]
[Date "2013.12.21"]
[Round "5.9"]
[White "Navrotescu, Andreea-Cristiana"]
[Black "Leonardi, Caterina"]
[Result "1-0"]
[WhiteTitle "WFM"]
[WhiteElo "2147"]
[BlackElo "1939"]
[WhiteFideId "675946"]
[BlackFideId "14601036"]
[EventDate "2013.12.18"]

1. d4 d5 2. c4 c6 3. Nf3 Nf6 4. Nc3 a6 5. g3 e6 6. Bg2 Be7 7. O-O O-O 8. Ne5
Nbd7 9. f4 c5 10. cxd5 Nxd5 11. Nxd5 exd5 12. Nxd7 Qxd7 13. dxc5 Bxc5+ 14. Kh1
Rd8 15. Qc2 Qb5 16. f5 Be7 17. g4 Bd7 18. a4 Qa5 19. Bd2 Qc5 20. Qd3 Bc6 21.
Rac1 Qb6 22. g5 f6 23. g6 h6 24. b3 Kh8 25. Rf4 Rac8 26. Rh4 Bf8 27. Qh3 Rd7 28.
Qd3 Re8 29. Bf3 Qf2 30. Qd4 Qxd4 31. Rxd4 Ba3 32. Rc2 Be7 33. Bf4 Bd8 34. Rcd2
Bb6 35. R4d3 d4 36. Kg2 Ba5 37. Rc2 Bxf3+ 38. Kxf3 b5 39. axb5 axb5 40. Rc5 Rb7
41. Rxd4 Rbe7 42. Rxb5 Bc7 43. e4 Bxf4 44. Kxf4 Kg8 45. Rbd5 Kf8 46. b4 Rb7 47.
b5 Reb8 48. Rd8+ Ke7 49. Rxb8 Rxb8 50. Rd5 1-0

[Event "WYCC U18 Girls 2013"]
[Site "Al-Ain UAE"]
[Date "2013.12.21"]
[Round "5.10"]
[White "Gaboyan, Susanna"]
[Black "Lezhepekova, Veronika"]
[Result "1-0"]
[BlackTitle "WFM"]
[WhiteElo "2050"]
[BlackElo "2121"]
[WhiteFideId "13303627"]
[BlackFideId "24146137"]
[EventDate "2013.12.18"]

1. d4 Nf6 2. c4 e6 3. Nf3 b6 4. e3 Bb7 5. Bd3 d5 6. O-O Bd6 7. b3 Nbd7 8. Bb2
O-O 9. Nbd2 Ne4 10. Rc1 f5 11. Ne5 Bxe5 12. dxe5 Ndc5 13. Be2 Nxd2 14. Qxd2 dxc4
15. Qxd8 Rfxd8 16. Bxc4 Ba6 17. Bd4 Bxc4 18. Rxc4 Na6 19. Rc6 Kf7 20. a3 Rd5 21.
b4 Ke7 22. Rfc1 Rc8 23. Kf1 Kd7 24. Ke2 Nc5 25. b5 Nb3 26. Rd1 Rxb5 27. Rc4 Rd5
28. Rb1 Na5 29. Ra4 c5 30. Bc3 Nc6 31. g4 Rc7 32. gxf5 exf5 33. Rh4 Nxe5 34.
Rxh7 Kc6 35. Rg1 Nc4 36. a4 Nd6 37. Bxg7 c4 38. Rh6 Kc5 39. Bf8 Rc6 40. Rgg6 a6
41. h4 b5 42. axb5 axb5 43. Rxd6 Rcxd6 44. Rxd6 Rxd6 45. h5 c3 46. h6 1-0

[Event "WYCC U18 Girls 2013"]
[Site "Al-Ain UAE"]
[Date "2013.12.21"]
[Round "5.11"]
[White "Bivol, Alina"]
[Black "Kuckling, Hannah"]
[Result "1-0"]
[WhiteTitle "WIM"]
[WhiteElo "2236"]
[BlackElo "1993"]
[WhiteFideId "4100123"]
[BlackFideId "24603660"]
[EventDate "2013.12.18"]

1. e4 c5 2. Nf3 e6 3. b3 Nc6 4. Bb2 Qc7 5. g3 d6 6. Bg2 Nf6 7. d3 Be7 8. O-O a6
9. a4 Bd7 10. Nbd2 O-O 11. Re1 b5 12. axb5 axb5 13. Rxa8 Rxa8 14. e5 dxe5 15.
Nxe5 Ra2 16. Qb1 Ra6 17. Nxd7 Qxd7 18. Nf3 Nd5 19. c4 bxc4 20. dxc4 Nf6 21. Rd1
Qc7 22. Ng5 h6 23. Bxc6 Rxc6 24. Bxf6 hxg5 25. Bxe7 Qxe7 26. Qe4 Rd6 27. Ra1 f5
28. Ra8+ Kh7 29. Qe2 Kg6 30. Rh8 Rd8 31. Rxd8 Qxd8 32. Qxe6+ Qf6 33. Qxf6+ Kxf6
34. f4 gxf4 35. gxf4 g5 36. Kf2 g4 37. Ke3 Kg6 38. Kd3 Kh5 39. b4 1-0

[Event "WYCC U18 Girls 2013"]
[Site "Al-Ain UAE"]
[Date "2013.12.21"]
[Round "5.12"]
[White "Utiatskaja, Irina"]
[Black "Severina, Maria"]
[Result "0-1"]
[BlackTitle "WIM"]
[WhiteElo "2069"]
[BlackElo "2203"]
[WhiteFideId "24140848"]
[BlackFideId "4116909"]
[EventDate "2013.12.18"]

1. e4 e5 2. Nf3 Nc6 3. Bb5 a6 4. Ba4 Nf6 5. O-O Be7 6. Re1 b5 7. Bb3 d6 8. c3
O-O 9. h3 Nb8 10. d4 Nbd7 11. Nbd2 Bb7 12. Bc2 Re8 13. Nf1 Bf8 0-1

[Event "WYCC U18 Girls 2013"]
[Site "Al-Ain UAE"]
[Date "2013.12.21"]
[Round "5.13"]
[White "Tran, My Linh"]
[Black "Michelle Catherina, P"]
[Result "1-0"]
[WhiteElo "2061"]
[BlackElo "2137"]
[WhiteFideId "24682462"]
[BlackFideId "5005736"]
[EventDate "2013.12.18"]

1. e4 e5 2. Nf3 Nc6 3. Bc4 Nf6 4. d3 Bc5 5. c3 O-O 6. Nbd2 d5 7. exd5 Nxd5 8.
O-O Nb6 9. Bb5 Bd6 10. Ne4 Bg4 11. h3 Bh5 12. Re1 f6 13. Ng3 Bf7 14. Nf5 Ne7 15.
Nxd6 cxd6 16. d4 Qc7 17. Bd2 Rac8 18. Bd3 Bg6 19. Qc2 Kh8 20. Rac1 Nc4 21. Bxg6
Nxg6 22. b3 Nxd2 23. Qxd2 Nf4 24. c4 Qf7 25. Kh2 Rcd8 26. Rcd1 Qg6 27. g3 Ne6
28. d5 Nc5 29. b4 Nd7 30. Qe3 b6 31. Rc1 h6 32. g4 Qh7 33. Nh4 g6 34. Qd3 Rg8
35. Rg1 Rdf8 36. Rg3 Re8 37. Re1 Qf7 38. Qe3 Kh7 39. Qd3 Qe7 40. Ng2 Ref8 41. f4
Qf7 42. f5 g5 43. a4 Kg7 44. Ne3 Rh8 45. Nd1 h5 46. Kg2 Rh6 47. Nf2 Rfh8 48. Ne4
Qe7 49. Kf3 hxg4+ 50. hxg4 Kf8 51. Qa3 Rh3 52. Rg1 Rxg3+ 53. Rxg3 Qh7 54. Qc1
Qh2 55. c5 bxc5 56. bxc5 dxc5 57. Nxc5 e4+ 58. Nxe4 Rh3 59. Qc8+ Ke7 60. d6+ Kf7
61. Qxd7+ Kf8 62. Qe7+ Kg8 63. Nxf6+ Kh8 64. Qf8# 1-0

[Event "WYCC U18 Girls 2013"]
[Site "Al-Ain UAE"]
[Date "2013.12.21"]
[Round "5.14"]
[White "Baraeva, Marina"]
[Black "Duessler, Stefanie"]
[Result "0-1"]
[WhiteTitle "WIM"]
[WhiteElo "2136"]
[BlackElo "2046"]
[WhiteFideId "24142573"]
[BlackFideId "4634780"]
[EventDate "2013.12.18"]

1. d4 f5 2. g3 Nf6 3. Bg2 g6 4. Nf3 Bg7 5. O-O O-O 6. b3 d6 7. Bb2 Qe8 8. c4 h6
9. Nbd2 g5 10. d5 Na6 11. Nd4 f4 12. e3 Ng4 13. Qe2 Ne5 14. exf4 gxf4 15. Be4 f3
16. Qd1 Qh5 17. Rb1 Nc5 18. Qc2 Rf4 19. Bxf3 Nxf3+ 20. N2xf3 Rxf3 21. Nxf3 Qxf3
22. Qg6 Qf7 23. Qxg7+ Qxg7 24. Bxg7 Kxg7 25. Rfe1 Kf7 26. f4 Bf5 27. Rbd1 Rg8
28. Re3 Kf6 29. b4 Nd7 30. Rde1 Re8 31. Kf2 Nb6 32. Rc1 e6 33. dxe6 Rxe6 34. Ra3
a6 35. c5 Nd5 36. c6 b6 37. Rc4 Ne7 38. Rcc3 d5 39. Rxa6 Nxc6 40. b5 Nd4 41.
Rxc7 Re2+ 42. Kg1 Bh3 43. Rxb6+ Kf5 44. Rc3 Rg2+ 45. Kh1 Ne2 46. g4+ Rxg4 47.
Rg3 Nxg3+ 48. hxg3 Rxg3 49. Rxh6 Bg2+ 50. Kh2 Rg7 51. b6 Be4 52. a4 Kxf4 53. a5
Bd3 54. Rh4+ Ke5 55. Rh8 Kd6 56. Ra8 Kc6 57. Rd8 Bc4 58. Kh3 Kb5 59. Ra8 d4 60.
b7 Rxb7 61. a6 Rd7 62. a7 Ka6 0-1

[Event "WYCC U18 Girls 2013"]
[Site "Al-Ain UAE"]
[Date "2013.12.21"]
[Round "5.15"]
[White "Pratyusha, Bodda"]
[Black "Nguyen, Thi Thuy Trien"]
[Result "1-0"]
[BlackTitle "WFM"]
[WhiteElo "2128"]
[BlackElo "1945"]
[WhiteFideId "5000629"]
[BlackFideId "12404179"]
[EventDate "2013.12.18"]

1. e4 e6 2. d4 d5 3. Nc3 dxe4 4. Nxe4 Be7 5. Nf3 Nf6 6. Ng3 c5 7. Bd3 cxd4 8.
Nxd4 O-O 9. O-O Nbd7 10. c3 Ne5 11. Bc2 Ng6 12. Bg5 a6 13. Qe2 Qc7 14. Rad1 b6
15. Rfe1 Re8 16. Ne4 Bb7 17. Nxf6+ gxf6 18. Bh6 Kh8 19. Be4 Rg8 20. g3 Bc5 21.
Qf3 f5 22. Bxb7 Ra7 23. Bc6 Ne5 24. Qf4 Bd6 25. Qd2 Ng4 26. Bg2 Bc5 27. Be3 Qc8
28. b4 Bf8 29. Nc6 Rc7 30. Bd4+ f6 31. h3 e5 32. hxg4 exd4 33. Nxd4 Rxc3 34.
Nxf5 Bxb4 35. Qd4 Bf8 36. Ne7 Rxg3 37. Nxg8 Bc5 38. Qxf6+ Kxg8 39. Qf5 1-0